000 00423nam a22001457a 4500
020 _qHard Cover.
040 _cSINES.
082 _a004
_bALI
100 _aMuhammad Ali.
245 _aCFD Modelling of Weapon Separation from Military Aircraft /
_cAli, Muhammad
260 _aIslamabad:
_bSINES-NUST,
_c2022.
300 _a51 p. :
_bill. ;
_c35cm.
650 _xMS-Computational Science and Engineering.
942 _2ddc
_cTHE
999 _c592601
_d592601